[Event "LSS No Engine Cup 222 Preliminary 0"]
[Site "LSS email"]
[Date "2021.10.23"]
[Round "?"]
[White "Libosvar, Jan"]
[Black "Weiss, Lester"]
[Result "0-1"]
[WhiteElo "1479"]
[BlackElo "2097"]
[PlyCount "28"]
[EventDate "2021.10.23"]
[EventType "tourn (corr)"]
[EventRounds "6"]
[EventCountry "GER"]
[SourceTitle "Corr 2024"]
[Source "ChessBase"]
[SourceDate "2023.10.19"]
[SourceVersion "1"]
[SourceVersionDate "2023.10.19"]
[SourceQuality "1"]

1. e4 c5 2. Nf3 d6 3. Nc3 Nc6 4. d4 cxd4 5. Nxd4 Nf6 6. Nb3 e6 7. Bd3 Be7 8. 0-0 0-0 9. Be3 a6 10. Nd2 b5 11. a3 Qc7 12. Ne2 Bb7 13. f4 Ng4 14. Bd4 Nxd4 0-1

[Event "LSS No Engine Cup 210 Preliminary 0"]
[Site "LSS email"]
[Date "2020.11.23"]
[Round "?"]
[White "Libosvar, Jan"]
[Black "Langheld, Werner"]
[Result "0-1"]
[WhiteElo "1532"]
[BlackElo "1840"]
[PlyCount "34"]
[EventDate "2020.11.23"]
[EventType "tourn (corr)"]
[EventRounds "6"]
[EventCountry "GER"]
[SourceTitle "Corr 2022"]
[Source "ChessBase"]
[SourceDate "2021.10.24"]
[SourceVersion "1"]
[SourceVersionDate "2021.10.24"]
[SourceQuality "1"]

1. e4 d5 2. exd5 Qxd5 3. Nc3 Qa5 4. d4 c6 5. Nf3 Bg4 6. Be2 Nf6 7. 0-0 Nbd7 8. Be3 e6 9. a3 Be7 10. b4 Qc7 11. h3 Bxf3 12. Bxf3 0-0 13. Ne2 a5 14. c4 axb4 15. axb4 Bxb4 16. c5 b5 17. Bd2 Rxa1 0-1

[Event "LSS No Engine Cup 210 Preliminary 0"]
[Site "LSS email"]
[Date "2020.11.23"]
[Round "?"]
[White "Libosvar, Jan"]
[Black "Stevens, Michael"]
[Result "0-1"]
[WhiteElo "1532"]
[BlackElo "1893"]
[PlyCount "34"]
[EventDate "2020.11.23"]
[EventType "tourn (corr)"]
[EventRounds "6"]
[EventCountry "GER"]
[SourceTitle "Corr 2022"]
[Source "ChessBase"]
[SourceDate "2021.10.24"]
[SourceVersion "1"]
[SourceVersionDate "2021.10.24"]
[SourceQuality "1"]

1. e4 c6 2. d4 d5 3. Nc3 dxe4 4. Nxe4 Bf5 5. Ng3 Bg6 6. Nf3 Nd7 7. Nh4 Ngf6 8. Nxg6 hxg6 9. Be3 e6 10. Be2 Bd6 11. 0-0 Nd5 12. Qd3 Nxe3 13. fxe3 Qh4 14. Kf2 0-0-0 15. Rh1 Nc5 16. Qd1 Ne4+ 17. Kf3 f5 0-1

[Event "LSS No Engine Cup 170 Preliminary 0"]
[Site "LSS email"]
[Date "2017.06.15"]
[Round "?"]
[White "Libosvar, Jan"]
[Black "Henke, Simon"]
[Result "0-1"]
[WhiteElo "1530"]
[BlackElo "1943"]
[PlyCount "58"]
[EventDate "2017.06.16"]
[EventType "tourn (corr)"]
[EventRounds "6"]
[EventCountry "GER"]
[SourceTitle "Corr 2022"]
[Source "ChessBase"]
[SourceDate "2021.10.24"]
[SourceVersion "1"]
[SourceVersionDate "2021.10.24"]
[SourceQuality "1"]

1. e4 c5 2. Nf3 g6 3. d4 cxd4 4. Nxd4 Bg7 5. Nc3 Nc6 6. Be3 Nf6 7. Bc4 0-0 8. 0-0 Nxe4 9. Bxf7+ Rxf7 10. Nxe4 Qb6 11. Nxc6 Qxc6 12. Ng5 Rf5 13. c3 b6 14. Qe2 a5 15. Rac1 Ba6 16. c4 b5 17. b3 bxc4 18. bxc4 d5 19. Qc2 Bxc4 20. Rfe1 Qd7 21. Nf3 e5 22. Nd2 Bb5 23. Nb3 Bf8 24. Qc7 Qxc7 25. Rxc7 a4 26. Nc1 Bc4 27. Bc5 Bxc5 28. Rxc5 Raf8 29. f3 e4 0-1

[Event "LSS No Engine Cup 170 Preliminary 0"]
[Site "LSS email"]
[Date "2017.06.15"]
[Round "?"]
[White "Libosvar, Jan"]
[Black "Pech, Stepan"]
[Result "1/2-1/2"]
[WhiteElo "1530"]
[BlackElo "1596"]
[PlyCount "54"]
[EventDate "2017.06.16"]
[EventType "tourn (corr)"]
[EventRounds "6"]
[EventCountry "GER"]
[SourceTitle "Corr 2022"]
[Source "ChessBase"]
[SourceDate "2021.10.24"]
[SourceVersion "1"]
[SourceVersionDate "2021.10.24"]
[SourceQuality "1"]

1. e4 c6 2. Nf3 d5 3. d3 dxe4 4. dxe4 Qxd1+ 5. Kxd1 Nf6 6. Nc3 Nbd7 7. Bd3 e5 8. Ke2 Bd6 9. Re1 Nc5 10. Kf1 0-0 11. h3 Re8 12. Be3 b6 13. Bg5 Nxd3 14. cxd3 Nd7 15. Red1 Nc5 16. Be3 Ne6 17. d4 Ba6+ 18. Kg1 exd4 19. Bxd4 Rad8 20. Be3 Bc7 21. b4 f6 22. a3 Rd3 23. Rxd3 Bxd3 24. Rd1 Rd8 25. g3 c5 26. Ne1 cxb4 27. axb4 Bc4 1/2-1/2

[Event "LSS No Engine Cup 167 Preliminary 0"]
[Site "LSS email"]
[Date "2017.02.26"]
[Round "?"]
[White "Libosvar, Jan"]
[Black "Kuttner, Jaromir"]
[Result "1-0"]
[WhiteElo "1498"]
[BlackElo "1166"]
[PlyCount "67"]
[EventDate "2017.02.27"]
[EventType "tourn (corr)"]
[EventRounds "6"]
[EventCountry "GER"]
[SourceTitle "Corr 2022"]
[Source "ChessBase"]
[SourceDate "2021.10.24"]
[SourceVersion "1"]
[SourceVersionDate "2021.10.24"]
[SourceQuality "1"]

1. e4 e5 2. Nf3 Nc6 3. Bb5 a6 4. Ba4 b5 5. Bb3 Bb7 6. Nc3 Nf6 7. d3 Bc5 8. 0-0 0-0 9. Bg5 d6 10. a3 h6 11. Be3 Nd4 12. Ba2 c6 13. h3 Re8 14. Nd2 Qc7 15. Nb3 Rad8 16. Nxc5 dxc5 17. Ne2 a5 18. c3 Nxe2+ 19. Qxe2 Qe7 20. Rad1 c4 21. dxc4 b4 22. Rxd8 Rxd8 23. cxb4 axb4 24. a4 c5 25. f3 Qd6 26. Bb1 Nh5 27. Qf2 Qg6 28. Bc2 Bc8 29. Kh2 f5 30. exf5 Bxf5 31. Bxf5 Qxf5 32. g4 Qd3 33. gxh5 Qxc4 34. Rg1 1-0

[Event "LSS No Engine Cup 160 Preliminary 0"]
[Site "LSS email"]
[Date "2016.10.06"]
[Round "?"]
[White "Libosvar, Jan"]
[Black "Martindale, Roger"]
[Result "1-0"]
[WhiteElo "1567"]
[BlackElo "972"]
[PlyCount "83"]
[EventDate "2016.10.07"]
[EventType "tourn (corr)"]
[EventRounds "6"]
[EventCountry "GER"]
[SourceTitle "Corr 2022"]
[Source "ChessBase"]
[SourceDate "2021.10.24"]
[SourceVersion "1"]
[SourceVersionDate "2021.10.24"]
[SourceQuality "1"]

1. e4 e5 2. Nf3 Nc6 3. Bb5 Nf6 4. Nc3 d6 5. 0-0 Bd7 6. d3 a6 7. Ba4 b5 8. Bb3 h6 9. h3 Nd4 10. Nxd4 exd4 11. Ne2 c5 12. a3 Be6 13. Bxe6 fxe6 14. Nf4 Qd7 15. Ng6 Rh7 16. e5 0-0-0 17. exf6 gxf6 18. Qf3 Qb7 19. Qxf6 Qf7 20. Qxf7 Rxf7 21. a4 b4 22. Re1 a5 23. Rxe6 d5 24. Nxf8 Rdxf8 25. f3 h5 26. Rc6+ Kd7 27. Rxc5 Rf5 28. Rxa5 Ke6 29. Bd2 Rg8 30. Ra6+ Kd7 31. Kf2 Rc8 32. Rc1 b3 33. cxb3 Rxc1 34. Bxc1 Rf8 35. b4 Rc8 36. Bf4 Rc2+ 37. Kg3 Rxb2 38. Rd6+ Ke7 39. Rxd5 Rxb4 40. Bd6+ Ke6 41. Bxb4 Kxd5 42. Kf4 1-0

[Event "LSS No Engine Cup 160 Preliminary 0"]
[Site "LSS email"]
[Date "2016.10.06"]
[Round "?"]
[White "Molina, Vicente Andres"]
[Black "Libosvar, Jan"]
[Result "0-1"]
[WhiteElo "1022"]
[BlackElo "1567"]
[PlyCount "86"]
[EventDate "2016.10.07"]
[EventType "tourn (corr)"]
[EventRounds "6"]
[EventCountry "GER"]
[SourceTitle "Corr 2022"]
[Source "ChessBase"]
[SourceDate "2021.10.24"]
[SourceVersion "1"]
[SourceVersionDate "2021.10.24"]
[SourceQuality "1"]

1. e4 e5 2. Nf3 Nc6 3. d4 exd4 4. c3 dxc3 5. Nxc3 Bb4 6. Bd2 d6 7. Bc4 Nf6 8. 0-0 0-0 9. Bg5 a6 10. Nd5 Bc5 11. b4 Nxb4 12. e5 dxe5 13. Nxe5 Nbxd5 14. Qf3 Qd6 15. Rfe1 c6 16. Rad1 Qc7 17. Qg3 Bf5 18. Bxf6 Nxf6 19. h3 Qb6 20. Ng4 Nxg4 21. hxg4 Be6 22. Bxe6 fxe6 23. Re2 Rae8 24. Rd7 e5 25. Qb3+ Qxb3 26. axb3 Rf7 27. Rxf7 Kxf7 28. g3 Bd4 29. Kg2 a5 30. Kf3 Ra8 31. Ra2 b5 32. Ke4 c5 33. f4 exf4 34. gxf4 Ke6 35. b4 g6 36. bxa5 b4 37. f5+ gxf5+ 38. gxf5+ Kf6 39. a6 b3 40. Ra5 b2 41. Rb5 Rxa6 42. Kf4 h5 43. Rb8 Be5+ 0-1

[Event "LSS No Engine Cup 154 Preliminary 0"]
[Site "LSS email"]
[Date "2016.05.29"]
[Round "?"]
[White "Libosvar, Jan"]
[Black "Louro, Eugenio Diogo"]
[Result "1/2-1/2"]
[WhiteElo "1600"]
[BlackElo "1933"]
[PlyCount "70"]
[EventDate "2016.05.30"]
[EventType "tourn (corr)"]
[EventRounds "6"]
[EventCountry "GER"]
[SourceTitle "Corr 2022"]
[Source "ChessBase"]
[SourceDate "2021.10.24"]
[SourceVersion "1"]
[SourceVersionDate "2021.10.24"]
[SourceQuality "1"]

1. e4 c6 2. d4 d5 3. Nc3 dxe4 4. Nxe4 Nd7 5. Nf3 Ngf6 6. Nxf6+ Nxf6 7. Be2 Bg4 8. 0-0 e6 9. c3 Bd6 10. Bg5 0-0 11. Ne5 Bxe2 12. Qxe2 Be7 13. Rad1 h6 14. Bf4 Nd5 15. Bd2 Kh7 16. g3 Bd6 17. h4 Qc7 18. f4 Rae8 19. Nc4 Be7 20. Rf3 Bf6 21. Rdf1 g6 22. Ne5 Bg7 23. Qd3 f5 24. Kg2 Nf6 25. Rh1 Rd8 26. Bc1 Ne4 27. h5 Bxe5 28. fxe5 g5 29. g4 Kg7 30. Rhf1 Qc8 31. Kh3 Rf7 32. b3 Qd7 33. Ba3 b6 34. Bb2 c5 35. Qe3 Rdf8 1/2-1/2

[Event "LSS No Engine Cup 152 Preliminary 0"]
[Site "LSS email"]
[Date "2016.04.20"]
[Round "?"]
[White "Lorenti, Domenico"]
[Black "Libosvar, Jan"]
[Result "0-1"]
[WhiteElo "1625"]
[BlackElo "1600"]
[PlyCount "46"]
[EventDate "2016.04.21"]
[EventType "tourn (corr)"]
[EventRounds "6"]
[EventCountry "GER"]
[SourceTitle "Corr 2022"]
[Source "ChessBase"]
[SourceDate "2021.10.24"]
[SourceVersion "1"]
[SourceVersionDate "2021.10.24"]
[SourceQuality "1"]

1. e4 e5 2. Nf3 Nc6 3. Bb5 d6 4. d4 Bd7 5. Nc3 exd4 6. Nxd4 Nxd4 7. Bxd7+ Qxd7 8. Qxd4 Nf6 9. 0-0 Be7 10. Bg5 0-0 11. e5 Ne8 12. Bxe7 Qxe7 13. Rfe1 Qd8 14. Qe4 c6 15. Rad1 d5 16. Qd3 Nc7 17. Re3 Ne6 18. g3 f6 19. exf6 Qxf6 20. Rf1 d4 21. Ne4 Qg6 22. Re2 Nf4 23. Qb3+ Kh8 0-1

[Event "OP-2016-0-03972"]
[Site "LSS email"]
[Date "2016.02.27"]
[Round "?"]
[White "Maliszewski, Grzegorz"]
[Black "Libosvar, Jan"]
[Result "1-0"]
[WhiteElo "800"]
[BlackElo "1520"]
[PlyCount "51"]
[EventDate "2016.02.22"]
[EventType "tourn (corr)"]
[EventRounds "4"]
[EventCountry "GER"]
[SourceTitle "Corr 2022"]
[Source "ChessBase"]
[SourceDate "2021.10.24"]
[SourceVersion "1"]
[SourceVersionDate "2021.10.24"]
[SourceQuality "1"]

1. e4 e5 2. Nf3 Nc6 3. Bb5 d6 4. d4 Bd7 5. c3 Nf6 6. 0-0 Be7 7. Re1 0-0 8. h3 a6 9. Ba4 b5 10. Bc2 Qc8 11. Nbd2 h6 12. Nf1 Nh7 13. Ng3 Re8 14. Be3 Bf6 15. Qd2 g5 16. a4 Na5 17. Qd3 Nc4 18. Bc1 Nf8 19. b3 Na5 20. dxe5 dxe5 21. h4 Nh7 22. axb5 axb5 23. hxg5 hxg5 24. b4 Nc4 25. Rxa8 Qxa8 26. Qxd7 1-0

[Event "OP-2016-0-03963"]
[Site "LSS email"]
[Date "2016.02.20"]
[Round "?"]
[White "Libosvar, Jan"]
[Black "Laureles, Raymundo"]
[Result "0-1"]
[WhiteElo "1520"]
[BlackElo "1046"]
[PlyCount "142"]
[EventDate "2016.02.15"]
[EventType "tourn (corr)"]
[EventRounds "4"]
[EventCountry "GER"]
[SourceTitle "Corr 2022"]
[Source "ChessBase"]
[SourceDate "2021.10.24"]
[SourceVersion "1"]
[SourceVersionDate "2021.10.24"]
[SourceQuality "1"]

1. e4 c5 2. Nf3 d6 3. d4 cxd4 4. Nxd4 Nf6 5. Nc3 g6 6. Bb5+ Bd7 7. Bxd7+ Qxd7 8. 0-0 Bg7 9. Kh1 Nc6 10. Nde2 0-0 11. f4 Rac8 12. Ng3 h5 13. h4 Rfd8 14. f5 e6 15. fxg6 fxg6 16. Bg5 Rf8 17. Qd2 Ne5 18. b3 Qc6 19. Bxf6 Bxf6 20. Nce2 Ng4 21. Nd4 Qd7 22. Rac1 Bxh4 23. Nge2 Nf2+ 24. Kh2 Nxe4 25. Qh6 Qh7 26. Qxh7+ Kxh7 27. Nxe6 Rxf1 28. Rxf1 Rxc2 29. Nf8+ Kh6 30. Nf4 g5 31. N4g6 Bg3+ 32. Kg1 Rxa2 33. Ne7 h4 34. Nf5+ Kh5 35. Nxg3+ hxg3 36. Ne6 Rb2 37. Re1 Rxb3 38. Nd4 Rd3 39. Nf5 g4 40. Kf1 Rd2 41. Ng7+ Kg6 42. Rxe4 Rf2+ 43. Kg1 Kxg7 44. Rxg4+ Kf6 45. Rxg3 Rb2 46. Ra3 a6 47. Kh2 d5 48. Kg3 Ke5 49. Kf3 Rc2 50. g4 Rc4 51. Re3+ Re4 52. Rd3 b5 53. Ra3 Ra4 54. Re3+ Kf6 55. Rd3 d4 56. Kf4 a5 57. g5+ Kg6 58. Ke5 Kxg5 59. Rxd4 Rxd4 60. Kxd4 a4 61. Kc3 Kf5 62. Kb4 Ke4 63. Kc3 a3 64. Kb3 b4 65. Ka2 Kd4 66. Kb3 Kd3 67. Ka2 Kc3 68. Kb1 Kb3 69. Ka1 Kc2 70. Ka2 b3+ 71. Ka1 b2+ 0-1

[Event "OP-2016-0-03963"]
[Site "LSS email"]
[Date "2016.02.20"]
[Round "?"]
[White "Libosvar, Jan"]
[Black "Molina, Vicente Andres"]
[Result "1-0"]
[WhiteElo "1520"]
[BlackElo "817"]
[PlyCount "93"]
[EventDate "2016.02.15"]
[EventType "tourn (corr)"]
[EventRounds "4"]
[EventCountry "GER"]
[SourceTitle "Corr 2022"]
[Source "ChessBase"]
[SourceDate "2021.10.24"]
[SourceVersion "1"]
[SourceVersionDate "2021.10.24"]
[SourceQuality "1"]

1. e4 c5 2. Nf3 d6 3. d4 cxd4 4. Nxd4 Nf6 5. Nc3 a6 6. Be2 e5 7. Nb3 Be6 8. 0-0 Nbd7 9. Be3 Rc8 10. f4 exf4 11. Bxf4 Ne5 12. Kh1 b5 13. Nd4 Rxc3 14. bxc3 Be7 15. Nxe6 fxe6 16. Bxe5 dxe5 17. Bh5+ g6 18. Bf3 0-0 19. Qd3 Qc7 20. a4 bxa4 21. Rxa4 Qc6 22. Rxa6 Qc5 23. Rxe6 Kf7 24. Ra6 Rd8 25. Qe2 Qxc3 26. Rd1 Rxd1+ 27. Qxd1 Ne8 28. h3 h5 29. Qd5+ Kg7 30. Qe6 Qe1+ 31. Kh2 Qh4 32. Qxg6+ Kf8 33. Qh6+ Ng7 34. g3 Qg5 35. Qxg5 Bxg5 36. Ra5 Bf6 37. h4 Ne6 38. Bxh5 Nd4 39. Ra7 Be7 40. c4 Bc5 41. Rb7 Ne6 42. Kh3 Bd4 43. Kg4 Nc5 44. Rf7+ Kg8 45. Kf5 Kh8 46. Kg6 Ne6 47. Bg4 1-0

[Event "OP-2015-0-03897"]
[Site "LSS email"]
[Date "2015.12.16"]
[Round "?"]
[White "Vazquez, Danitza"]
[Black "Libosvar, Jan"]
[Result "1-0"]
[WhiteElo "1848"]
[BlackElo "1520"]
[PlyCount "57"]
[EventDate "2015.12.10"]
[EventType "tourn (corr)"]
[EventRounds "4"]
[EventCountry "GER"]
[SourceTitle "Corr 2022"]
[Source "ChessBase"]
[SourceDate "2021.10.24"]
[SourceVersion "1"]
[SourceVersionDate "2021.10.24"]
[SourceQuality "1"]

1. e4 e5 2. Nf3 Nc6 3. Bb5 d6 4. d4 Bd7 5. d5 Nce7 6. Bxd7+ Qxd7 7. c4 Ng6 8. Nc3 Be7 9. 0-0 Nf6 10. Ne1 0-0 11. f3 c6 12. Be3 cxd5 13. cxd5 b6 14. Nd3 Bd8 15. a4 Nh5 16. g3 Ne7 17. f4 exf4 18. Bd4 g6 19. g4 Ng7 20. Nxf4 f6 21. Ng2 Nc8 22. Kh1 f5 23. exf5 gxf5 24. Bxg7 Kxg7 25. Nf4 Kh8 26. Ne6 Rf7 27. Ne4 fxe4 28. Qd4+ Kg8 29. Qg7+ 1-0

[Event "OP-2015-0-03897"]
[Site "LSS email"]
[Date "2015.12.15"]
[Round "?"]
[White "Libosvar, Jan"]
[Black "Perez Garcia, Miguel"]
[Result "1-0"]
[WhiteElo "1520"]
[BlackElo "1602"]
[PlyCount "95"]
[EventDate "2015.12.10"]
[EventType "tourn (corr)"]
[EventRounds "4"]
[EventCountry "GER"]
[SourceTitle "Corr 2022"]
[Source "ChessBase"]
[SourceDate "2021.10.24"]
[SourceVersion "1"]
[SourceVersionDate "2021.10.24"]
[SourceQuality "1"]

1. e4 e5 2. Nf3 f5 3. Nxe5 Nc6 4. Nxc6 dxc6 5. Nc3 fxe4 6. Qh5+ g6 7. Qe5+ Qe7 8. Qxe4 Nf6 9. Qxe7+ Bxe7 10. Be2 Bf5 11. d3 0-0-0 12. Bd2 Rhe8 13. 0-0-0 Ng4 14. Bxg4 Bxg4 15. f3 Be6 16. a3 Bf6 17. Ne4 Bh8 18. Rhe1 b6 19. Bc3 Bxc3 20. Nxc3 Kd7 21. Ne4 c5 22. Nf6+ Kd6 23. Nxe8+ Rxe8 24. b3 Rf8 25. Re3 Bd7 26. Rde1 Rf7 27. a4 a5 28. Kd2 Rg7 29. Kc3 Rf7 30. Kc4 Rg7 31. Re5 c6 32. f4 Rf7 33. g3 Rg7 34. d4 cxd4 35. Kxd4 Rf7 36. Rd1 Kc7 37. Rd2 Rg7 38. c3 Rf7 39. b4 axb4 40. cxb4 Rg7 41. Rde2 Kd6 42. a5 bxa5 43. bxa5 Bh3 44. Rd2 Bf1 45. Kc3+ Kc7 46. Kb4 Rd7 47. Rxd7+ Kxd7 48. Kc5 1-0

[Event "Teplice op 6th"]
[Site "Teplice"]
[Date "2011.06.19"]
[Round "9"]
[White "Srkal, Miroslav"]
[Black "Libosvar, Jan"]
[Result "1-0"]
[WhiteElo "1828"]
[BlackElo "1560"]
[PlyCount "61"]
[EventDate "2011.06.11"]
[EventType "swiss"]
[EventRounds "9"]
[EventCountry "CZE"]
[SourceTitle "CBM 142 Extra"]
[Source "ChessBase"]
[SourceDate "2011.06.27"]
[SourceVersion "1"]
[SourceVersionDate "2011.06.27"]
[SourceQuality "1"]

1. d4 d5 2. c4 c6 3. e3 Nf6 4. Nf3 dxc4 5. Bxc4 e6 6. Nc3 Nbd7 7. 0-0 Be7 8. a3 0-0 9. Bd2 b6 10. Rc1 Bb7 11. Bd3 Re8 12. b4 a6 13. Bb1 Rc8 14. Qb3 b5 15. Qc2 Nf8 16. Ne4 c5 17. Nxc5 Bxc5 18. bxc5 Bxf3 19. gxf3 Qd5 20. Qd1 e5 21. e4 Qxd4 22. Be3 Qxd1 23. Rfxd1 Rc6 24. Ba2 Ne6 25. Bd5 Rc7 26. c6 Nf4 27. Kf1 N4xd5 28. exd5 Rec8 29. Bb6 Nxd5 30. Rxd5 Rxc6 31. Rxc6 1-0

[Event "Karlovy Vary op"]
[Site "Karlovy Vary"]
[Date "2011.04.29"]
[Round "2"]
[White "Libosvar, Jan"]
[Black "Molnar, Ladislav"]
[Result "0-1"]
[WhiteElo "1566"]
[BlackElo "1811"]
[PlyCount "102"]
[EventDate "2011.04.28"]
[EventType "swiss"]
[EventRounds "8"]
[EventCountry "CZE"]
[SourceTitle "CBM 142 Extra"]
[Source "ChessBase"]
[SourceDate "2011.06.27"]
[SourceVersion "1"]
[SourceVersionDate "2011.06.27"]
[SourceQuality "1"]

1. e4 e5 2. Nf3 Nc6 3. Bb5 Bc5 4. 0-0 d6 5. c3 Bg4 6. d3 Nge7 7. Re1 0-0 8. Be3 Bb6 9. Nbd2 Ng6 10. h3 Bd7 11. Ba4 h6 12. Nf1 f5 13. Bxb6 axb6 14. Bc2 Qf6 15. Ne3 Nf4 16. exf5 Bxf5 17. Nxf5 Qxf5 18. Nh4 Nxh3+ 19. gxh3 Qxf2+ 20. Kh1 Qxh4 21. Qg4 Qxg4 22. hxg4 Rf2 23. Bb3+ Kh8 24. Rab1 Raf8 25. Be6 Ne7 26. Kg1 g5 27. Rf1 Rxf1+ 28. Rxf1 Rf4 29. Kg2 Kg7 30. Rf3 Rxf3 31. Kxf3 Kf6 32. Bd7 d5 33. b3 c5 34. c4 e4+ 35. dxe4 dxc4 36. bxc4 Ke5 37. Ke3 Nc6 38. Be8 Nb4 39. a4 Nc2+ 40. Kf3 Nd4+ 41. Ke3 Ne6 42. Bd7 Kd6 43. Bc8 Nd8 44. Kd3 Kc7 45. Bf5 Nc6 46. Ke3 Ne5 47. Be6 Kd6 48. Bd5 Nxg4+ 49. Kf3 Nf6 50. Bxb7 Ke5 51. Bd5 h5 0-1

[Event "Teplice op 5th"]
[Site "Teplice"]
[Date "2010.06.17"]
[Round "6"]
[White "Libosvar, Jan"]
[Black "Okrouhlik, Zdenek"]
[Result "0-1"]
[WhiteElo "1597"]
[BlackElo "1811"]
[PlyCount "48"]
[EventDate "2010.06.12"]
[EventType "swiss"]
[EventRounds "9"]
[EventCountry "CZE"]
[SourceTitle "CBM 136 Extra"]
[Source "ChessBase"]
[SourceDate "2010.07.02"]
[SourceVersion "2"]
[SourceVersionDate "2010.07.15"]
[SourceQuality "1"]

1. e4 c5 2. d4 cxd4 3. Qxd4 Nc6 4. Qd1 Nf6 5. Nc3 e5 6. Nf3 Bb4 7. Bd3 d5 8. Nd2 Bxc3 9. bxc3 Qa5 10. Nb3 Qc7 11. Qe2 dxe4 12. Bxe4 Nxe4 13. Qxe4 0-0 14. 0-0 Ne7 15. f4 exf4 16. Ba3 Re8 17. Rfe1 Be6 18. Bxe7 Rxe7 19. Qb4 Rae8 20. Nd4 Bd5 21. Rxe7 Qxe7 22. Nf5 Qg5 23. Nh4 Qxh4 24. g3 Qh3 0-1

[Event "Teplice op 5th"]
[Site "Teplice"]
[Date "2010.06.15"]
[Round "4"]
[White "Libosvar, Jan"]
[Black "Straslipka, Jiri"]
[Result "0-1"]
[WhiteElo "1597"]
[BlackElo "1931"]
[PlyCount "80"]
[EventDate "2010.06.12"]
[EventType "swiss"]
[EventRounds "9"]
[EventCountry "CZE"]
[SourceTitle "CBM 136 Extra"]
[Source "ChessBase"]
[SourceDate "2010.07.02"]
[SourceVersion "2"]
[SourceVersionDate "2010.07.15"]
[SourceQuality "1"]

1. e4 c5 2. Nf3 g6 3. d4 cxd4 4. Nxd4 Bg7 5. Nc3 Nc6 6. Be3 d6 7. Bc4 Nf6 8. h3 Bd7 9. Qd2 a6 10. a4 0-0 11. 0-0 Rc8 12. Nf3 Na5 13. Bd3 Nc4 14. Qc1 Nxe3 15. Qxe3 Bc6 16. Nd4 Nd7 17. Rab1 Ne5 18. Nxc6 Nxc6 19. Ne2 Qa5 20. b3 e6 21. f4 Qh5 22. Qf3 Qc5+ 23. Kh1 d5 24. e5 Nb4 25. Rbc1 Rc7 26. c3 Nxd3 27. Qxd3 Rfc8 28. b4 Qc4 29. Rf3 Bf8 30. Qxc4 Rxc4 31. Rff1 Kg7 32. g4 f6 33. exf6+ Kxf6 34. Kg2 Ke7 35. Kg3 Bg7 36. Rf3 d4 37. Rd1 dxc3 38. Rfd3 R8c7 39. Nd4 Bxd4 40. Rxd4 Rxd4 0-1

[Event "Teplice op 5th"]
[Site "Teplice"]
[Date "2010.06.12"]
[Round "1"]
[White "Libosvar, Jan"]
[Black "Volek, Radomir"]
[Result "0-1"]
[WhiteElo "1597"]
[BlackElo "2033"]
[PlyCount "46"]
[EventDate "2010.06.12"]
[EventType "swiss"]
[EventRounds "9"]
[EventCountry "CZE"]
[SourceTitle "CBM 136 Extra"]
[Source "ChessBase"]
[SourceDate "2010.07.02"]
[SourceVersion "2"]
[SourceVersionDate "2010.07.15"]
[SourceQuality "1"]

1. e4 e6 2. d4 d5 3. Nc3 Nf6 4. e5 Nfd7 5. Nf3 c5 6. Be3 cxd4 7. Bxd4 Nc6 8. Ne2 Qc7 9. c3 Ndxe5 10. Nxe5 Nxe5 11. Ng3 Bd7 12. Be2 Ng6 13. Bg4 0-0-0 14. Qb3 Kb8 15. 0-0-0 Nf4 16. Bf3 e5 17. Be3 e4 18. Nh5 Nd3+ 19. Rxd3 exd3 20. Bxd5 Bc6 21. Nf4 g5 22. Bxc6 gxf4 23. Bxf4 Qxf4+ 0-1

[Event "Pardubice KV op"]
[Site "Pardubice"]
[Date "2010.??.??"]
[Round "4"]
[White "Dub, Miroslav"]
[Black "Libosvar, Jan"]
[Result "1-0"]
[WhiteElo "1955"]
[BlackElo "1597"]
[PlyCount "43"]
[EventDate "2010.07.??"]
[EventType "swiss"]
[EventRounds "7"]
[EventCountry "CZE"]
[SourceTitle "EXT 2012"]
[Source "ChessBase"]
[SourceDate "2011.11.24"]
[SourceVersion "1"]
[SourceVersionDate "2011.11.24"]
[SourceQuality "1"]

1. e4 e5 2. Nf3 Nc6 3. Bb5 d6 4. 0-0 Bd7 5. c3 Nf6 6. Re1 Be7 7. h3 0-0 8. d4 a6 9. Ba4 b5 10. Bc2 h6 11. Nbd2 Re8 12. Nf1 Nh7 13. Ng3 Ng5 14. Nh2 Bf8 15. f4 Nxh3+ 16. gxh3 exf4 17. Bxf4 Bxh3 18. Qh5 Qd7 19. Bd2 g6 20. Qf3 Bg7 21. Re3 Nd8 22. Ne2 1-0